[Event "Titled Tuesday intern op 16th Apr Late"]
[Site "Chess.com INT"]
[Date "2024.04.16"]
[Round "1"]
[White "Papasimakopoulos, Alexandros"]
[Black "Schut, Han"]
[Result "1-0"]
[WhiteElo "2402"]
[BlackElo "2091"]
[PlyCount "67"]
[EventDate "2024.04.16"]
[EventType "swiss (blitz)"]
[EventRounds "11"]
[EventCountry "USA"]
[SourceTitle "CB17_2024"]
[SourceDate "2024.04.24"]
[SourceVersion "1"]
[SourceVersionDate "2024.04.24"]
[SourceQuality "1"]

1. d4 Nf6 2. c4 g6 3. Nc3 d5 4. Nf3 Bg7 5. Bg5 Ne4 6. Bf4 Nxc3 7. bxc3 dxc4 8. e3 Be6 9. Qb1 b6 10. Be2 0-0 11. Nd2 c5 12. 0-0 cxd4 13. exd4 Nc6 14. Nxc4 Bxc4 15. Bxc4 Na5 16. Ba6 Qd7 17. Qb4 Nc6 18. Qa4 e5 19. Bb5 exf4 20. Bxc6 Qg4 21. Bxa8 Rxa8 22. f3 Qc8 23. Rac1 Qc7 24. Rfd1 Rd8 25. Kh1 g5 26. Qb5 g4 27. fxg4 f3 28. gxf3 Qf4 29. Qe2 h5 30. gxh5 Bh6 31. Rg1+ Kf8 32. Rce1 Qh4 33. Rg4 Qf6 34. Reg1 1-0

[Event "Titled Tuesday intern op 16th Apr Late"]
[Site "Chess.com INT"]
[Date "2024.04.16"]
[Round "6"]
[White "Smieszek, Wojciech"]
[Black "Papasimakopoulos, Alexandros"]
[Result "0-1"]
[WhiteElo "2127"]
[BlackElo "2402"]
[PlyCount "52"]
[EventDate "2024.04.16"]
[EventType "swiss (blitz)"]
[EventRounds "11"]
[EventCountry "USA"]
[SourceTitle "CB17_2024"]
[SourceDate "2024.04.24"]
[SourceVersion "1"]
[SourceVersionDate "2024.04.24"]
[SourceQuality "1"]

1. e4 e6 2. d4 d5 3. Bd3 c5 4. exd5 exd5 5. Nf3 c4 6. Be2 Nf6 7. 0-0 Bd6 8. h3 0-0 9. Re1 Nc6 10. Nc3 h6 11. Bf1 Bf5 12. Ne5 Re8 13. Bf4 a6 14. Re3 Qc7 15. Qf3 Nxd4 16. Qd1 Nxc2 17. Re2 Nxa1 18. Nxd5 Nxd5 19. Qxd5 Rad8 20. Nxc4 Bxf4 21. Qxf5 Rxe2 22. Bxe2 b5 23. g3 Bxg3 24. fxg3 Qxg3+ 25. Kf1 bxc4 26. Bxc4 Qc7 0-1

[Event "Titled Tuesday intern op 12th Mar Early"]
[Site "Chess.com INT"]
[Date "2024.03.12"]
[Round "5"]
[White "Osmak, Iulija"]
[Black "Papasimakopoulos, Alexandros"]
[Result "0-1"]
[WhiteElo "2452"]
[BlackElo "2402"]
[PlyCount "56"]
[EventDate "2024.03.12"]
[EventType "swiss (blitz)"]
[EventRounds "11"]
[EventCountry "USA"]
[SourceTitle "CB12_2024"]
[SourceDate "2023.10.01"]
[SourceVersion "1"]
[SourceVersionDate "2023.10.01"]
[SourceQuality "1"]

1. e4 e6 2. d4 d5 3. e5 c5 4. c3 Nc6 5. Nf3 Bd7 6. a3 f6 7. Bd3 fxe5 8. Nxe5 Nxe5 9. dxe5 g6 10. 0-0 Qc7 11. Qe2 0-0-0 12. Nd2 Nh6 13. f4 Be7 14. Nf3 Nf7 15. b4 c4 16. Bc2 Kb8 17. Be3 Ka8 18. Bd4 Nh6 19. a4 Nf5 20. Bxf5 gxf5 21. Qf2 Qb8 22. a5 Bb5 23. Bb6 Rc8 24. Nd4 Bd7 25. b5 Bc5 26. Bxc5 Rxc5 27. Rfb1 Qc8 28. h3 Rg8 0-1

[Event "Titled Tuesday intern op 12th Mar Early"]
[Site "Chess.com INT"]
[Date "2024.03.12"]
[Round "3"]
[White "Papasimakopoulos, Alexandros"]
[Black "Kurchenko, Egor"]
[Result "1/2-1/2"]
[WhiteElo "2402"]
[BlackElo "2308"]
[PlyCount "101"]
[EventDate "2024.03.12"]
[EventType "swiss (blitz)"]
[EventRounds "11"]
[EventCountry "USA"]
[SourceTitle "CB12_2024"]
[SourceDate "2023.10.01"]
[SourceVersion "1"]
[SourceVersionDate "2023.10.01"]
[SourceQuality "1"]

1. d4 d5 2. c4 dxc4 3. Nf3 Nf6 4. e3 Bg4 5. Nbd2 a6 6. Nxc4 Nc6 7. Be2 e6 8. 0-0 Bd6 9. b3 0-0 10. Bb2 Qe7 11. a3 Rfd8 12. h3 Bh5 13. Rc1 Rac8 14. b4 Qf8 15. Re1 Nd5 16. Nfd2 Bxe2 17. Qxe2 Qe7 18. Nb3 e5 19. dxe5 Nxe5 20. Nxd6 Rxd6 21. Nc5 Rb8 22. Qh5 Nd7 23. e4 N5f6 24. Qg5 Nxc5 25. bxc5 Re6 26. f3 Rd8 27. Red1 h6 28. Qe3 Rd7 29. Rd4 Qd8 30. Rcd1 Ree7 31. Kf2 Rxd4 32. Bxd4 Rd7 33. Bxf6 gxf6 34. Rxd7 Qxd7 35. Qxh6 Qd4+ 36. Qe3 Qb2+ 37. Kg3 Qe5+ 38. f4 Qb2 39. h4 b5 40. cxb6 cxb6 41. h5 b5 42. Kh3 Kh7 43. g3 a5 44. Qa7 Qb3 45. Qxa5 Qd1 46. Qxb5 Qh1+ 47. Kg4 Qd1+ 48. Kh3 Qh1+ 49. Kg4 Qd1+ 50. Kh4 Qh1+ 51. Kg4 1/2-1/2

[Event "Titled Tuesday intern op 12th Mar Early"]
[Site "Chess.com INT"]
[Date "2024.03.12"]
[Round "1"]
[White "Papasimakopoulos, Alexandros"]
[Black "Mazurkiewicz, Michal"]
[Result "0-1"]
[WhiteElo "2402"]
[BlackElo "2145"]
[PlyCount "174"]
[EventDate "2024.03.12"]
[EventType "swiss (blitz)"]
[EventRounds "11"]
[EventCountry "USA"]
[SourceTitle "CB12_2024"]
[SourceDate "2023.10.01"]
[SourceVersion "1"]
[SourceVersionDate "2023.10.01"]
[SourceQuality "1"]

1. d4 Nf6 2. c4 e5 3. dxe5 Ng4 4. e3 Nxe5 5. Nh3 d5 6. Qxd5 Qe7 7. Nf4 g5 8. Nh5 Nbc6 9. Nc3 Nb4 10. Qd1 Bg4 11. Be2 Nbd3+ 12. Kf1 Bxh5 13. Bxh5 g4 14. Bxg4 Qh4 15. g3 Qxg4 16. Qxg4 Nxg4 17. Nd1 0-0-0 18. Ke2 Bg7 19. h3 Nge5 20. Rb1 Nxc4 21. b3 Nxc1+ 22. Rxc1 Nb6 23. Rc2 c6 24. Nb2 Bxb2 25. Rxb2 Rd7 26. g4 Rhd8 27. g5 Nd5 28. Rc2 Nb4 29. Rb2 Nd3 30. Rc2 Nb4 31. Rb2 Nd5 32. Rc1 Kc7 33. h4 b5 34. a3 a5 35. Rbc2 Rd6 36. Rc5 Kb6 37. Kf3 b4 38. axb4 axb4 39. R5c4 f6 40. Rg1 fxg5 41. hxg5 Rf8+ 42. Ke2 Nc3+ 43. Kf1 Rd1+ 44. Kg2 Rxg1+ 45. Kxg1 c5 46. Rh4 Rg8 47. f4 Rg7 48. Kf2 c4 49. Rh6+ Rg6 50. Rxh7 cxb3 51. Rh6 Rxh6 52. gxh6 b2 53. h7 b1Q 54. h8Q Qc2+ 55. Kf3 Qd1+ 56. Kg3 Qg1+ 57. Kf3 Qf1+ 58. Kg3 Qc4 59. f5 Kb5 60. Qb8+ Ka4 61. f6 Ne4+ 62. Kf4 Nc5+ 63. Kg5 Qd5+ 64. Kg6 Qe4+ 65. Kg7 Qc6 66. f7 Qd7 67. Qa8+ Kb3 68. Qf3 Ne6+ 69. Kh6 Qd8 70. e4+ Ka4 71. Qg3 Qf8+ 72. Kg6 Nd8 73. Kg5 Kb5 74. Qf4 Qg7+ 75. Kh4 Qh7+ 76. Kg3 Qg7+ 77. Kh2 Qxf7 78. Qb8+ Nb7 79. e5 b3 80. Qc7 Qxc7 81. Kg2 Qxe5 82. Kf3 b2 83. Kg2 b1Q 84. Kh3 Qbf5+ 85. Kh4 Qef6+ 86. Kg3 Q5g5+ 87. Kh3 Qfh6# 0-1

[Event "Titled Tuesday intern op 27th Feb Late"]
[Site "Chess.com INT"]
[Date "2024.02.27"]
[Round "1"]
[White "Rosenberg, Evan"]
[Black "Papasimakopoulos, Alexandros"]
[Result "0-1"]
[WhiteElo "1985"]
[BlackElo "2402"]
[PlyCount "90"]
[EventDate "2024.02.27"]
[EventType "swiss (blitz)"]
[EventRounds "11"]
[EventCountry "USA"]
[SourceTitle "CB10_2024"]
[SourceDate "2024.03.06"]
[SourceVersion "1"]
[SourceVersionDate "2024.03.06"]
[SourceQuality "1"]

1. Nf3 d5 2. d4 c6 3. c4 e6 4. e3 Nf6 5. Nc3 Bd6 6. Qc2 Nbd7 7. Bd2 0-0 8. g4 Nxg4 9. Rg1 f5 10. h3 Ngf6 11. cxd5 Nxd5 12. Nxd5 exd5 13. 0-0-0 Nf6 14. Kb1 Ne4 15. Be1 Qe7 16. h4 f4 17. Ng5 fxe3 18. fxe3 Bf5 19. Bd3 Rae8 20. Nxe4 Bxe4 21. Bg3 Bxg3 22. Rxg3 Qxh4 23. Rdg1 Rf1+ 24. Rxf1 Qxg3 25. Bxe4 Rxe4 26. Qc5 Re8 27. a3 Qxe3 28. Ka1 a6 29. Qd6 Qe7 30. Qg3 h6 31. Rg1 Qg5 32. Qh2 Qf6 33. Qc7 Re7 34. Qd8+ Kh7 35. Qb6 Qf2 36. Rb1 h5 37. Qd8 Re1 38. Qg5 Rxb1+ 39. Kxb1 Qf3 40. Ka2 a5 41. b4 a4 42. b5 Qb3+ 43. Ka1 Qxa3+ 44. Kb1 Qd3+ 45. Ka2 Qc4+ 0-1

[Event "Titled Tuesday intern op 13th Feb Early"]
[Site "Chess.com INT"]
[Date "2024.02.13"]
[Round "7"]
[White "Azali, Tannaz"]
[Black "Papasimakopoulos, Alexandros"]
[Result "0-1"]
[WhiteElo "2101"]
[BlackElo "2402"]
[PlyCount "68"]
[EventDate "2024.02.13"]
[EventType "swiss (blitz)"]
[EventRounds "11"]
[EventCountry "USA"]
[SourceTitle "CB08_2024"]
[SourceDate "2024.02.21"]
[SourceVersion "1"]
[SourceVersionDate "2024.02.21"]
[SourceQuality "1"]

1. e4 e6 2. d4 d5 3. Nc3 Bb4 4. e5 c5 5. Bd2 Ne7 6. Nb5 Bxd2+ 7. Qxd2 0-0 8. f4 Nbc6 9. Nf3 cxd4 10. Nbxd4 Qb6 11. 0-0-0 Bd7 12. Kb1 a5 13. g4 a4 14. h4 Nxd4 15. Nxd4 Nc6 16. Nb5 Nxe5 17. fxe5 Bxb5 18. Qb4 Ra5 19. Rh3 Qa6 20. Bxb5 Rxb5 21. Qd4 Qb6 22. Qxb6 Rxb6 23. Rd4 Ra8 24. a3 Rc6 25. c3 b5 26. Kc2 Rc4 27. Rhd3 Rac8 28. Kd2 Kf8 29. Rf3 Rxd4+ 30. cxd4 Rc4 31. Kd3 b4 32. axb4 Rxb4 33. Rf2 h6 34. Kc2 Rxd4 0-1

[Event "Titled Tuesday intern op 13th Feb Early"]
[Site "Chess.com INT"]
[Date "2024.02.13"]
[Round "2"]
[White "Papasimakopoulos, Alexandros"]
[Black "Ai, Evan Zihao"]
[Result "1-0"]
[WhiteElo "2402"]
[BlackElo "2188"]
[PlyCount "43"]
[EventDate "2024.02.13"]
[EventType "swiss (blitz)"]
[EventRounds "11"]
[EventCountry "USA"]
[SourceTitle "CB08_2024"]
[SourceDate "2024.02.21"]
[SourceVersion "1"]
[SourceVersionDate "2024.02.21"]
[SourceQuality "1"]

1. d4 Nf6 2. c4 e6 3. Nc3 Bb4 4. Qc2 c5 5. dxc5 0-0 6. a3 Bxc5 7. Nf3 d6 8. Bg5 Nbd7 9. e3 h6 10. Bh4 a6 11. Be2 Qc7 12. 0-0 Re8 13. Rfd1 Ng4 14. Ne4 Nge5 15. Nxe5 Nxe5 16. b4 Ba7 17. Nxd6 Rf8 18. Qe4 Ng6 19. Bg3 Qc6 20. Qxc6 bxc6 21. Bf3 Bd7 22. Nb7 1-0

[Event "Titled Tuesday intern op 13th Feb Early"]
[Site "Chess.com INT"]
[Date "2024.02.13"]
[Round "4"]
[White "Papasimakopoulos, Alexandros"]
[Black "Farberov, Maxim"]
[Result "1/2-1/2"]
[WhiteElo "2402"]
[BlackElo "1959"]
[PlyCount "114"]
[EventDate "2024.02.13"]
[EventType "swiss (blitz)"]
[EventRounds "11"]
[EventCountry "USA"]
[SourceTitle "CB08_2024"]
[SourceDate "2024.02.21"]
[SourceVersion "1"]
[SourceVersionDate "2024.02.21"]
[SourceQuality "1"]

1. d4 d6 2. c4 e5 3. Nf3 e4 4. Nfd2 f5 5. e3 Nf6 6. Nc3 g6 7. b4 Bg7 8. Qb3 0-0 9. a4 a5 10. b5 c5 11. bxc6 bxc6 12. Ba3 Na6 13. c5+ d5 14. g3 Rb8 15. Qd1 g5 16. Ne2 Nb4 17. Bxb4 Rxb4 18. Rb1 Ba6 19. Rxb4 axb4 20. Nb3 Bc4 21. h4 h6 22. hxg5 hxg5 23. Qc2 Qa8 24. Qa2 Kf7 25. a5 Qa6 26. Nec1 Bxf1 27. Rxf1 Rh8 28. Qe2 Qc8 29. a6 Ng4 30. Kd1 Rh2 31. Na5 f4 32. gxf4 gxf4 33. Nb7 Kg8 34. Nd6 Qd7 35. a7 Qxa7 36. Qxg4 Qa4+ 37. Ke1 Qc2 38. Qd1 Qc3+ 39. Qd2 Qa3 40. exf4 Bxd4 41. Qxd4 Qxc1+ 42. Ke2 Qc2+ 43. Qd2 Qb3 44. Rg1+ Kf8 45. f5 Qf3+ 46. Ke1 Rh1 47. Qg5 Qc3+ 48. Ke2 Qd3+ 49. Ke1 Qb1+ 50. Ke2 Qd3+ 51. Ke1 Qb1+ 52. Kd2 Qd3+ 53. Kc1 Qc3+ 54. Kd1 Qd3+ 55. Kc1 Qc3+ 56. Kb1 Qb3+ 57. Kc1 Qc3+ 1/2-1/2

[Event "Titled Tuesday intern op 13th Feb Late"]
[Site "Chess.com INT"]
[Date "2024.02.13"]
[Round "5"]
[White "Papasimakopoulos, Alexandros"]
[Black "Yoo, Christopher Woojin"]
[Result "0-1"]
[WhiteElo "2402"]
[BlackElo "2595"]
[PlyCount "60"]
[EventDate "2024.02.13"]
[EventType "swiss (blitz)"]
[EventRounds "11"]
[EventCountry "USA"]
[SourceTitle "CB08_2024"]
[SourceDate "2024.02.21"]
[SourceVersion "1"]
[SourceVersionDate "2024.02.21"]
[SourceQuality "1"]

1. d4 Nf6 2. c4 e6 3. Nc3 Bb4 4. Qc2 d5 5. cxd5 exd5 6. Bg5 h6 7. Bxf6 Qxf6 8. e3 Bf5 9. Qb3 c5 10. Nf3 Nc6 11. a3 c4 12. Qa4 Bxc3+ 13. bxc3 a6 14. Be2 b5 15. Qd1 0-0 16. 0-0 a5 17. Qd2 Rfb8 18. h3 Qd6 19. Rfc1 b4 20. axb4 axb4 21. Rxa8 Rxa8 22. cxb4 Qxb4 23. Qxb4 Nxb4 24. Ne1 Ra3 25. Kf1 c3 26. g4 Bg6 27. f4 Be4 28. Bf3 Na2 29. Ra1 Bxf3 30. Nc2 Ra4 0-1

[Event "Titled Tuesday intern op 23rd Jan Late"]
[Site "Chess.com INT"]
[Date "2024.01.23"]
[Round "5"]
[White "Papasimakopoulos, Alexandros"]
[Black "Xiong, Jeffery"]
[Result "1/2-1/2"]
[WhiteElo "2402"]
[BlackElo "2659"]
[PlyCount "76"]
[EventDate "2024.01.23"]
[EventType "swiss (blitz)"]
[EventRounds "11"]
[EventCountry "USA"]
[SourceTitle "CB05_2024"]
[SourceDate "2024.01.31"]
[SourceVersion "1"]
[SourceVersionDate "2024.01.31"]
[SourceQuality "1"]

1. d4 d5 2. c4 e6 3. Nc3 Nf6 4. cxd5 exd5 5. Bg5 c6 6. e3 Bd6 7. Bd3 0-0 8. Qc2 h6 9. Bh4 Re8 10. Nf3 Be6 11. Bg3 Bxg3 12. hxg3 Qd6 13. 0-0 Nbd7 14. Rab1 a5 15. a3 Rec8 16. Rfe1 b5 17. e4 dxe4 18. Nxe4 Nxe4 19. Bxe4 Nf6 20. Bf5 Bxf5 21. Qxf5 Re8 22. Re5 a4 23. Rbe1 Rf8 24. Re7 b4 25. axb4 Qxb4 26. Qc2 Rac8 27. Ra7 c5 28. Rxa4 Qb6 29. dxc5 Rxc5 30. Qd2 Rb5 31. Ra2 Rb8 32. Qd4 Qxd4 33. Nxd4 Rxb2 34. Rxb2 Rxb2 35. f3 Nh5 36. Kh2 g6 37. Re2 Rxe2 38. Nxe2 Ng7 1/2-1/2

[Event "Titled Tuesday intern op 16th Jan Early"]
[Site "Chess.com INT"]
[Date "2024.01.16"]
[Round "4"]
[White "Manon Og, Ramon Jr"]
[Black "Papasimakopoulos, Alexandros"]
[Result "0-1"]
[WhiteElo "1950"]
[BlackElo "2402"]
[PlyCount "142"]
[EventDate "2024.01.16"]
[EventType "swiss (blitz)"]
[EventRounds "11"]
[EventCountry "USA"]
[SourceTitle "CB04_2024"]
[SourceDate "2023.10.16"]
[SourceVersion "1"]
[SourceVersionDate "2023.10.16"]
[SourceQuality "1"]

1. e4 e6 2. d4 d5 3. Nd2 Nf6 4. e5 Nfd7 5. Ngf3 c5 6. c3 Be7 7. Bd3 b5 8. Bxb5 Qb6 9. Bd3 Ba6 10. Qe2 cxd4 11. cxd4 0-0 12. 0-0 Bxd3 13. Qxd3 Nc6 14. Nb3 a5 15. Bg5 a4 16. Bxe7 Nxe7 17. Ng5 Ng6 18. Nc5 Nxc5 19. dxc5 Qxc5 20. Rac1 Qb4 21. Rc7 Qxb2 22. Qh3 h6 23. Nxe6 Qxe5 24. Nxf8 Qxc7 25. Nxg6 fxg6 26. Qe6+ Qf7 27. Qc6 Rd8 28. Qxa4 d4 29. Rd1 Qf6 30. Qc4+ Kh7 31. a4 d3 32. h3 d2 33. Qe2 Qc3 34. Kf1 Qa5 35. Qb5 Qc7 36. a5 Qh2 37. a6 Qh1+ 38. Ke2 Qxg2 39. Rxd2 Qe4+ 40. Kd1 Qf3+ 41. Ke1 Rc8 42. Qb2 Qh1+ 43. Ke2 Re8+ 44. Kd3 Qe4+ 45. Kc3 Rc8+ 46. Kb3 Rb8+ 47. Ka2 Rxb2+ 48. Kxb2 Qb4+ 49. Kc2 Qa4+ 50. Kd3 Qxa6+ 51. Ke3 Qa3+ 52. Ke2 Qxh3 53. Rd3 Qf5 54. Rg3 g5 55. Kf1 Qf4 56. Kg2 g4 57. Re3 h5 58. Rg3 h4 59. Re3 h3+ 60. Kg1 Qxe3 61. fxe3 g3 62. Kh1 Kg6 63. e4 Kf6 64. e5+ Kxe5 65. Kg1 Kf4 66. Kh1 Kf3 67. Kg1 g2 68. Kh2 Kf2 69. Kxh3 g1Q 70. Kh4 Qg6 71. Kh3 Qh5# 0-1

[Event "Titled Tuesday intern op 16th Jan Early"]
[Site "Chess.com INT"]
[Date "2024.01.16"]
[Round "5"]
[White "Papasimakopoulos, Alexandros"]
[Black "Ibarra Jerez, Jose Carlos"]
[Result "0-1"]
[WhiteElo "2402"]
[BlackElo "2559"]
[PlyCount "126"]
[EventDate "2024.01.16"]
[EventType "swiss (blitz)"]
[EventRounds "11"]
[EventCountry "USA"]
[SourceTitle "CB04_2024"]
[SourceDate "2023.10.16"]
[SourceVersion "1"]
[SourceVersionDate "2023.10.16"]
[SourceQuality "1"]

1. d4 Nf6 2. c4 e6 3. Nc3 Bb4 4. Qc2 d5 5. cxd5 Qxd5 6. Nf3 Qf5 7. Qxf5 exf5 8. a3 Bd6 9. Nb5 Be6 10. Nxd6+ cxd6 11. Bf4 Ke7 12. e3 Nbd7 13. Bd3 Rhc8 14. Ke2 h6 15. h4 Nb6 16. Nd2 Na4 17. Rab1 Nd5 18. Bg3 g6 19. Bh2 a6 20. Nc4 Rc6 21. Kd2 Rac8 22. Rhc1 b5 23. Na5 Rxc1 24. Rxc1 Nxb2 25. Rxc8 Bxc8 26. Be2 Nb6 27. Kc3 N2a4+ 28. Kd2 Be6 29. Nc6+ Ke8 30. Nb8 Nc4+ 31. Bxc4 bxc4 32. Nxa6 c3+ 33. Kc2 Bc4 34. Nb4 Bf1 35. Bxd6 Bxg2 36. Bf4 Be4+ 37. Kc1 Kd7 38. Bxh6 Nb2 39. f3 Bxf3 40. Kc2 Na4 41. Kb3 Bd1+ 42. Ka2 c2 43. Nd3 Be2 44. Nc1 Bc4+ 45. Ka1 Kc6 46. Bf8 Kd5 47. Bh6 Ke4 48. Bg5 Kf3 49. d5 Bxd5 50. Nd3 Ke2 51. Nc1+ Kd1 52. e4 fxe4 53. Bf4 Bc4 54. Bg5 f5 55. Bf4 Ke1 56. Bg5 Kf2 57. Bh6 e3 58. Bg5 e2 59. Bd2 e1Q 60. Bxe1+ Kxe1 61. h5 gxh5 62. Nb3 h4 63. Nd4 c1Q# 0-1

[Event "Titled Tuesday intern op 16th Jan Early"]
[Site "Chess.com INT"]
[Date "2024.01.16"]
[Round "10"]
[White "Paravyan, David"]
[Black "Papasimakopoulos, Alexandros"]
[Result "1-0"]
[WhiteElo "2612"]
[BlackElo "2402"]
[PlyCount "133"]
[EventDate "2024.01.16"]
[EventType "swiss (blitz)"]
[EventRounds "11"]
[EventCountry "USA"]
[SourceTitle "CB04_2024"]
[SourceDate "2023.10.16"]
[SourceVersion "1"]
[SourceVersionDate "2023.10.16"]
[SourceQuality "1"]

1. e4 e6 2. d4 d5 3. e5 c5 4. c3 Nc6 5. Nf3 Bd7 6. Be2 f6 7. Bb5 Qb6 8. a4 cxd4 9. cxd4 fxe5 10. Bxc6 Bxc6 11. Nxe5 Nf6 12. 0-0 Bd6 13. a5 Qc7 14. Bf4 0-0 15. Nc3 Nh5 16. Qxh5 Rxf4 17. Ne2 Rf5 18. Qg4 Bxe5 19. dxe5 Qxe5 20. Nd4 Rf4 21. Qxe6+ Qxe6 22. Nxe6 Rb4 23. a6 Rxb2 24. Rfc1 Re8 25. Nd4 Rf8 26. f3 Rb4 27. axb7 Bxb7 28. Rxa7 Rxd4 29. Rxb7 Rc4 30. Re1 Rc6 31. Ree7 Rg6 32. Red7 h6 33. Rxd5 Kh7 34. Kf2 Ra8 35. Rd2 Re8 36. Rb4 Rge6 37. h4 Re5 38. g4 h5 39. g5 R5e6 40. Kg3 Re2 41. Rd5 R2e5 42. Rd7 R5e7 43. Rdd4 Rc7 44. Rb6 Rf8 45. Rd3 Rfc8 46. Re6 Rc3 47. Rxc3 Rxc3 48. Kf4 Rc4+ 49. Re4 Rc5 50. Re5 Rc4+ 51. Re4 Rc5 52. Rd4 Rc1 53. Kf5 Rc5+ 54. Ke6 Rc6+ 55. Ke5 Rc5+ 56. Rd5 Rc4 57. f4 Rc8 58. f5 Re8+ 59. Kf4 Re7 60. Rd8 g6 61. Rd6 gxf5 62. Kxf5 Ra7 63. Kf6 Kg8 64. Rd8+ Kh7 65. g6+ Kh6 66. Rh8+ Rh7 67. Rxh7# 1-0

[Event "Titled Tuesday intern op 09th Jan Early"]
[Site "Chess.com INT"]
[Date "2024.01.09"]
[Round "2"]
[White "Papasimakopoulos, Alexandros"]
[Black "Le, Tuan Minh"]
[Result "0-1"]
[WhiteElo "2402"]
[BlackElo "2567"]
[PlyCount "72"]
[EventDate "2024.01.09"]
[EventType "swiss (blitz)"]
[EventRounds "11"]
[EventCountry "USA"]
[SourceTitle "CB03_2024"]
[SourceDate "2024.01.17"]
[SourceVersion "1"]
[SourceVersionDate "2024.01.17"]
[SourceQuality "1"]

1. d4 Nf6 2. c4 c6 3. Nc3 d5 4. cxd5 cxd5 5. Bf4 Nc6 6. e3 a6 7. Bd3 Bg4 8. Nge2 e6 9. Rc1 Bd6 10. f3 Bh5 11. 0-0 0-0 12. Na4 Bg6 13. Nc5 Bxc5 14. Rxc5 Qe7 15. Bg5 Rfc8 16. Bxg6 hxg6 17. Qb3 Qc7 18. Bxf6 gxf6 19. Rfc1 Kg7 20. h3 Qd7 21. Qb6 e5 22. dxe5 fxe5 23. Rd1 Ne7 24. Nc3 Qe6 25. Qb4 Rxc5 26. Qxc5 Rd8 27. Ne2 Rc8 28. Qb4 Rc2 29. Kf1 Nf5 30. Qb3 d4 31. exd4 Qxb3 32. axb3 Ne3+ 33. Ke1 Nxg2+ 34. Kf1 Ne3+ 35. Ke1 Nxd1 36. Kxd1 Rxb2 0-1

[Event "Titled Tuesday intern op 09th Jan Early"]
[Site "Chess.com INT"]
[Date "2024.01.09"]
[Round "5"]
[White "Toktomushev, Teimur"]
[Black "Papasimakopoulos, Alexandros"]
[Result "0-1"]
[WhiteElo "2249"]
[BlackElo "2402"]
[PlyCount "88"]
[EventDate "2024.01.09"]
[EventType "swiss (blitz)"]
[EventRounds "11"]
[EventCountry "USA"]
[SourceTitle "CB03_2024"]
[SourceDate "2024.01.17"]
[SourceVersion "1"]
[SourceVersionDate "2024.01.17"]
[SourceQuality "1"]

1. d4 d5 2. c4 e6 3. Nc3 a6 4. cxd5 exd5 5. Nf3 c6 6. Bf4 Bd6 7. Ne5 f6 8. Nd3 Ne7 9. g3 Bf5 10. Bg2 Bxd3 11. Qxd3 Bxf4 12. gxf4 Qd6 13. e3 f5 14. 0-0-0 Nd7 15. Kb1 Nf6 16. Ne2 Ne4 17. Rhf1 0-0-0 18. Ng1 h6 19. Nf3 g5 20. fxg5 hxg5 21. h3 Ng6 22. Nd2 Qh2 23. Bxe4 fxe4 24. Qe2 Qxh3 25. f3 exf3 26. Nxf3 Qf5+ 27. Ka1 Rhg8 28. Ne5 Qe6 29. Nd3 Rde8 30. Rde1 Nf4 31. exf4 Qxe2 32. Rxe2 Rxe2 33. fxg5 Rd2 34. Nc5 Rxd4 35. a3 Rc4 36. b4 a5 37. Rf7 axb4 38. Nxb7 Rg6 39. axb4 Rxb4 40. Nc5 Rb5 41. Nd3 Rxg5 42. Nf4 Rg4 43. Rf8+ Kb7 44. Ne6 Ra4# 0-1